000 00453cam a2200193 4500
001 D10019
008 090401t1981 xxu||||| |||| 00| 0 eng d
035 _a(Sirsi) u706
041 _aeng
050 _a060.0148
100 _aButtress, F.A.
245 _aWorld guide to abbreviations of organisations
250 _a6th
260 _aLondon
_bLeonard Hill
_c1981
300 _avii. 464p. 25cm
350 _a40
942 _n0
948 _c04/03/1997
999 _c85584
_d85584